000 00755cab a22001935a 4500
001 L146021
008 081202e20081129xxka f 000 0 eng d
035 _a(Sirsi) u146021
041 0 _aeng
100 1 _aMoir, Richard
245 0 2 _aA healthy outlook for one sector
260 _c2008
490 _aEstates Gazette
_v(0847) 29 November 2008, 102-104(3)
520 _aArticle discusses the apparent ability of the healthcare market to overcome some of the effects of the current economic downturn. Comparative performances, drivers of investment value and opportunities in the healthcare market are discussed.
590 _aKA
651 4 _aUnited Kingdom
_y
690 _aPROPERTY-OTHER PROPERTY TYPES-HEALTHCARE AND WELFARE PROPERTY
942 _n0
999 _c81003
_d81003